| 000 | 00449nam a22001577a 4500 | ||
|---|---|---|---|
| 005 | 20260421102635.0 | ||
| 008 | 260421b |||||||| |||| 00| 0 eng d | ||
| 020 | _a9780435913502 | ||
| 050 |
_aPR9387 _b.A34 |
||
| 100 | _aCHINUA ACHEBE | ||
| 245 | _aTHINGS FALL APART | ||
| 260 |
_aLONDON _bHEINEMANN PEARSON EDUCATION LIMITED _c1958 |
||
| 300 | _aVII, 166P. | ||
| 650 |
_aLITERATURE _vHistorical fiction _xIgbo (African people)--Fiction |
||
| 942 | _cBK | ||
| 999 |
_c4664 _d4664 |
||